Devine le joueur de football selon ses clubs #15 - Statistiques

Statistiques générales
  • Ce quiz a été pris 189 fois
  • Le résultat moyen est 4 sur 6
Statistiques - réponses
1er club 2ème club 3ème club 4ème club 5ème club Joueurs % Correct
Valence Mestalla Valence CF Gimnastic de Tarragone (prêt) FC Barcelone Inter Miami Jordi Alba
84%
SC Corinthians Bordeaux FC Barcelone Zénith Saint-Pétersbourg Al-Hilal FC Malcolm
80%
Le Havre AC OM Crytal Palace OM Rennes Steve Mandanda
79%
Sheffield United Hull City Wigan Athletic (prêt) Leicester City Manchester United Harry Maguire
74%
Austria Vienne II Bayern Munich II Bayern Munich TSG Hoffenheim (prêt) Real Madrid David Alaba
72%
Atlético Paranaense Atlético de Madrid Nottingham Forest (prêt) OM Al-Hilal FC Renan Lodi
46%
Aucun quiz correspondant
Distribution des résultats
% des personnes avec chaque résultat
Percentile par nombre de réponses
Votre historique - résultats
Vous n’avez pas pris ce quiz